000 01038nam a2200277Ia 4500
003 OSt
005 20221005110357.0
006 a|||||r|||| 00| 0
007 ta
008 221004b |||||||| |||| 00| 0 hin d
020 _a97882114277 (hbk)
_cINR 250.00
024 _a41701
037 _bIN-2304, 14/03/2019, Kitab Ghar Prakashan
_cTextual
040 _aCRL
_cCRL
_bhin
041 _2hin
_ahin
082 _aO152,3N3815x, Q3
100 _aचन्द्रकांता, ले.
245 0 _aदस प्रतिनिधि कहानियां
246 _aDas pratinidhi kahāniyāan
260 _aनई दिल्ली
_bकिताबघर प्रकाशन भारत
_c2013
300 _a140पृ0
_ccm.
650 _a हिन्दी साहित्य
650 _aहिन्दी कहानी
942 _hO152,3N3815x, Q3
_cTEXL
_2cc
999 _c1018642
_d1018642